Poetry and the world / (Record no. 1906)

MARC details
000 -LEADER
fixed length control field 00487cam a2200193 4500
001 - CONTROL NUMBER
control field 2382
005 - DATE AND TIME OF LATEST TRANSACTION
control field 20181127165039.0
008 - FIXED-LENGTH DATA ELEMENTS--GENERAL INFORMATION
fixed length control field 880209s1988 nyu o 000 0 eng
010 ## - LIBRARY OF CONGRESS CONTROL NUMBER
LC control number 88004411
020 ## - INTERNATIONAL STANDARD BOOK NUMBER
International Standard Book Number 0880012161
International Standard Book Number 088001217X (pbk.)
100 1# - MAIN ENTRY--PERSONAL NAME
Personal name Pinsky, Robert.
245 10 - TITLE STATEMENT
Title Poetry and the world /
Statement of responsibility, etc. Robert Pinsky.
250 ## - EDITION STATEMENT
Edition statement 1st ed.
260 ## - PUBLICATION, DISTRIBUTION, ETC.
Place of publication, distribution, etc. New York :
Name of publisher, distributor, etc. Ecco Press,
Date of publication, distribution, etc. c1988.
300 ## - PHYSICAL DESCRIPTION
Extent 193 p. ;
Dimensions 24 cm.
650 #0 - SUBJECT ADDED ENTRY--TOPICAL TERM
Topical term or geographic name entry element Books
General subdivision Reviews.
Topical term or geographic name entry element Poetry.
Holdings
Withdrawn status Lost status Source of classification or shelving scheme Damaged status Not for loan Collection code Home library Current library Shelving location Date acquired Serial Enumeration / chronology Inventory number Total Checkouts Full call number Barcode Date last seen Price effective from Koha item type
    Dewey Decimal Classification     Main TEST RTC Library RTC Library Main opac 08/03/2024 670   811 PIN 30001208 08/03/2024 27/11/2018 Main
Royal Thimphu College || All Right Reserved